[Event "Titled Tue 1st Jul Late"]
[Site "chess.com INT"]
[Date "2025.07.01"]
[Round "6"]
[White "Graif, William"]
[Black "Zakin, Ilay"]
[Result "0-1"]
[WhiteTitle "FM"]
[BlackTitle "FM"]
[WhiteElo "2211"]
[BlackElo "2300"]
[WhiteFideId "2609835"]
[BlackFideId "2848279"]
[EventDate "2025.07.01"]

1. e4 c5 2. Nc3 Nc6 3. Bb5 Nd4 4. Nf3 a6 5. Bd3 Nc6 6. O-O g6 7. Re1 Bg7 8. e5
d5 9. exd6 Qxd6 10. Ne4 Qc7 11. Nxc5 Ne5 12. Nxe5 Bxe5 13. Ne4 Bxh2+ 14. Kh1 Be5
15. Bf1 Bf5 16. d4 O-O-O 17. c3 h5 18. Qb3 Be6 19. Qa4 Bf6 20. Nc5 Bd5 21. Kg1
h4 22. Bf4 Qxf4 23. Bxa6 Qc7 24. c4 Bc6 25. Bb5 h3 26. d5 Bxb5 27. cxb5 hxg2 28.
Qa8+ Qb8 29. Qxb8+ Kxb8 30. Rac1 Nh6 31. b6 Nf5 32. Kxg2 Bd4 0-1

[Event "Titled Tue 1st Jul Late"]
[Site "chess.com INT"]
[Date "2025.07.01"]
[Round "6"]
[White "Li, Ben"]
[Black "Myagmarsuren, Evsuld"]
[Result "1-0"]
[WhiteTitle "IM"]
[BlackTitle "FM"]
[WhiteElo "2356"]
[BlackElo "2292"]
[WhiteFideId "2089980"]
[BlackFideId "1551639"]
[EventDate "2025.07.01"]

1. d4 d5 2. Nf3 Nf6 3. c4 e6 4. Nc3 c6 5. e3 Nbd7 6. Bd3 dxc4 7. Bxc4 b5 8. Bd3
Bb7 9. O-O a6 10. e4 c5 11. d5 Qc7 12. dxe6 fxe6 13. Ng5 Qc6 14. a4 c4 15. Bc2
Bc5 16. axb5 axb5 17. Rxa8+ Bxa8 18. Kh1 O-O 19. f4 h6 20. Nf3 Ng4 21. Nd4 Qb6
22. Ndxb5 Nf2+ 23. Rxf2 Bxf2 24. Qxd7 Rd8 25. Qe7 Bc5 26. Qh4 g5 27. Qxh6 Be3
28. Qxg5+ Kf7 29. Qh5+ Ke7 30. Qh7+ Kf8 31. Qh6+ Kf7 32. Qh5+ Ke7 33. Qh4+ Kf7
34. Qxd8 1-0

[Event "Titled Tue 1st Jul Late"]
[Site "chess.com INT"]
[Date "2025.07.01"]
[Round "6"]
[White "Ambartsumova, Karina"]
[Black "Colville, Julian"]
[Result "0-1"]
[WhiteTitle "IM"]
[BlackTitle "FM"]
[WhiteElo "2403"]
[BlackElo "2268"]
[WhiteFideId "4166299"]
[BlackFideId "30963273"]
[EventDate "2025.07.01"]

1. Nf3 d5 2. c4 d4 3. b4 g5 4. Bb2 Bg7 5. e3 e5 6. exd4 exd4 7. d3 g4 8. Nfd2
Ne7 9. Be2 h5 10. Na3 Nf5 11. Nc2 a5 12. a3 Nc6 13. Ne4 Be6 14. b5 Ne5 15. Nc5
Ng6 16. Nxe6 fxe6 17. Bc1 Qd6 18. a4 Nf4 19. O-O O-O-O 20. Ba3 Qe5 21. Re1 Qf6
22. Bf1 Bf8 23. Qd2 Bxa3 24. Rxa3 Qg5 25. Qxa5 h4 26. c5 Kd7 27. c6+ bxc6 28.
bxc6+ Ke8 29. Qe5 Kf7 30. Qxc7+ Kg6 31. Qe5 g3 32. fxg3 hxg3 33. h3 Rxh3 34.
gxh3 g2 35. Qxe6+ Nxe6 36. Rxe6+ Kf7 37. Re4 gxf1=Q+ 38. Kxf1 Ng3+ 39. Kf2 Nxe4+
40. dxe4 Qd2+ 0-1

[Event "Titled Tue 1st Jul Late"]
[Site "chess.com INT"]
[Date "2025.07.01"]
[Round "6"]
[White "Abraham, John Z"]
[Black "Tasic, Vladimir"]
[Result "1-0"]
[WhiteElo "2108"]
[BlackElo "2208"]
[WhiteFideId "30987318"]
[BlackFideId "919667"]
[EventDate "2025.07.01"]

1. d4 Nf6 2. c4 e6 3. g3 d5 4. Bg2 c6 5. Nf3 Nbd7 6. O-O Be7 7. Qc2 O-O 8. Bf4
b6 9. cxd5 cxd5 10. Bc7 Qe8 11. Rc1 Ba6 12. Nc3 Rc8 13. Bf4 Ne4 14. Ne1 Ndf6 15.
Nd3 Qd7 16. Ne5 Qb7 17. Qd1 Nxc3 18. bxc3 Ne4 19. Bxe4 dxe4 20. h4 Ba3 21. Rc2
f6 22. Ng4 Rfd8 23. Bc1 Bd6 24. h5 f5 25. Ne3 Bb5 26. a4 Be8 27. h6 gxh6 28. Ng2
Qg7 29. Bf4 h5 30. Qc1 e5 31. Bg5 Rd7 32. Nh4 Qf7 33. Bh6 exd4 34. Qg5+ Kh8 35.
Nxf5 d3 36. Bg7+ Kg8 37. Nh6# 1-0

[Event "Titled Tue 1st Jul Late"]
[Site "chess.com INT"]
[Date "2025.07.01"]
[Round "6"]
[White "Jagirapu, Harshin Reddy"]
[Black "Mayans Calvo, Mariano"]
[Result "0-1"]
[BlackTitle "CM"]
[WhiteElo "2042"]
[BlackElo "2101"]
[WhiteFideId "39910679"]
[BlackFideId "2251426"]
[EventDate "2025.07.01"]

1. e4 e6 2. d3 d5 3. Nd2 c5 4. Ngf3 Nc6 5. g3 Bd6 6. Bg2 Nf6 7. O-O O-O 8. Re1
Bc7 9. c3 dxe4 10. dxe4 b6 11. Nc4 Ba6 12. Qa4 Bxc4 13. Qxc4 Ng4 14. Bg5 Qc8 15.
Rad1 h6 16. Bc1 Nge5 17. Nxe5 Nxe5 18. Qe2 c4 19. Qc2 Nd3 20. Rxd3 cxd3 21. Qxd3
Rd8 22. Qe2 e5 23. Qh5 Qa6 24. a3 b5 25. Bf1 Qe6 26. Bxb5 Rab8 27. Be2 a5 28.
Bg4 Qf6 29. Qh3 a4 30. Rf1 Bb6 31. Be3 Bxe3 32. fxe3 Qg5 33. Rf3 Rxb2 34. Qf1
Rdd2 35. Bh3 Qg6 36. Bf5 Qb6 0-1

[Event "Titled Tue 1st Jul Late"]
[Site "chess.com INT"]
[Date "2025.07.01"]
[Round "6"]
[White "Montano Vicente, Guadalupe"]
[Black "Leinov, Roman"]
[Result "0-1"]
[BlackTitle "CM"]
[WhiteElo "1938"]
[BlackElo "2120"]
[WhiteFideId "5181399"]
[BlackFideId "13504649"]
[EventDate "2025.07.01"]

1. e4 c5 2. Nf3 g6 3. d4 cxd4 4. Nxd4 Bg7 5. Be3 Nc6 6. Nc3 Nf6 7. Be2 O-O 8.
O-O d6 9. h3 Bd7 10. Qd2 Rc8 11. Rad1 Na5 12. Rfe1 Nc4 13. Bxc4 Rxc4 14. Bh6
Rxd4 15. Qxd4 Bxh6 16. Qxa7 Bc6 17. Qd4 Bg7 18. Qb4 Qc7 19. Re2 Ra8 20. a3 Qa5
21. Qb3 Nd7 22. Nd5 Kf8 23. c4 Qc5 24. Rc1 Ne5 25. Qg3 Bxd5 26. exd5 b5 27. b4
Qd4 28. c5 Qxd5 29. cxd6 Qxd6 30. Rce1 Nc6 31. Qf3 Re8 32. Re6 Nd4 33. Rxd6
Nxf3+ 34. gxf3 exd6 0-1

[Event "Titled Tue 1st Jul Late"]
[Site "chess.com INT"]
[Date "2025.07.01"]
[Round "6"]
[White "Arslanov, Shamil"]
[Black "Svane, Rasmus"]
[Result "0-1"]
[WhiteTitle "IM"]
[BlackTitle "GM"]
[WhiteElo "2410"]
[BlackElo "2626"]
[WhiteFideId "4192826"]
[BlackFideId "4657101"]
[EventDate "2025.07.01"]

1. d4 d5 2. e4 dxe4 3. Nc3 Nf6 4. f3 exf3 5. Nxf3 g6 6. Bc4 Bg7 7. O-O O-O 8.
Qe1 a6 9. Qh4 b5 10. Bb3 Bb7 11. Kh1 Bxf3 12. Rxf3 Nc6 13. Ne2 Na5 14. Bh6 Nxb3
15. axb3 Qd5 16. Rh3 Qh5 17. Qf2 Qg4 18. Rf1 Bxh6 19. Rxh6 Rad8 20. Qe3 Nd5 21.
Qd2 c5 22. dxc5 Nb4 23. Qe3 Nxc2 24. Qf2 Rd2 25. Ng3 Rxf2 26. Rxf2 Ne3 27. Re2
Rd8 28. Kg1 Rd1+ 29. Kf2 Qf4# 0-1

[Event "Titled Tue 1st Jul Late"]
[Site "chess.com INT"]
[Date "2025.07.01"]
[Round "6"]
[White "Bok, Benjamin"]
[Black "Stefansson, Vignir Vatnar"]
[Result "1-0"]
[WhiteTitle "GM"]
[BlackTitle "GM"]
[WhiteElo "2582"]
[BlackElo "2515"]
[WhiteFideId "1017063"]
[BlackFideId "2308649"]
[EventDate "2025.07.01"]

1. d4 Nf6 2. c4 e6 3. Nc3 d5 4. cxd5 exd5 5. Bg5 c6 6. e3 Bd6 7. Bd3 O-O 8. Nf3
Be6 9. Qb3 b6 10. O-O Nbd7 11. Rac1 Rc8 12. Rfd1 Bg4 13. Qc2 h6 14. Bh4 Qe7 15.
Bh7+ Kh8 16. Bf5 Bxf5 17. Qxf5 g6 18. Qc2 Kg7 19. Qa4 Rc7 20. Rc2 Qe6 21. Bg3
Bxg3 22. hxg3 a5 23. Rdc1 Rfc8 24. Qa3 Ne8 25. b3 Nd6 26. Ne2 Ne4 27. Nf4 Qf5
28. g4 Qxg4 29. Nxd5 Ra7 30. Rxc6 Re8 31. Nxb6 Nxb6 32. Rxb6 h5 33. Qb2 h4 34.
d5+ Kg8 35. Ne5 Qf5 36. Nc6 Rd7 37. Rb5 Rxd5 38. Rxd5 Qxd5 39. Ne7+ 1-0

[Event "Titled Tue 1st Jul Late"]
[Site "chess.com INT"]
[Date "2025.07.01"]
[Round "6"]
[White "Volodin, Alexandr E."]
[Black "Mahdavi, Reza"]
[Result "0-1"]
[WhiteTitle "FM"]
[BlackTitle "IM"]
[WhiteElo "2344"]
[BlackElo "2454"]
[WhiteFideId "34268871"]
[BlackFideId "12595926"]
[EventDate "2025.07.01"]

1. d4 Nf6 2. Nc3 d5 3. Bf4 a6 4. e3 e6 5. Bd3 c5 6. dxc5 Nbd7 7. Nf3 Nxc5 8. O-O
Be7 9. Ne5 O-O 10. Qf3 Bd7 11. Rad1 Rc8 12. e4 d4 13. Ne2 Nxd3 14. Rxd3 Bb5 15.
Rd2 Qa5 16. Rfd1 Bb4 17. c3 dxc3 18. bxc3 Bxc3 19. Nxc3 Rxc3 20. Be3 Ba4 21. Rb1
Qxe5 22. Bd4 Rxf3 23. Bxe5 Ra3 24. f3 Bc6 25. Bd6 Rd8 26. Rbd1 Rxd6 27. Rxd6
Rxa2 28. Rxc6 g5 29. Rb6 Nh5 30. g3 Nf6 31. Rxb7 g4 32. fxg4 Nxg4 33. Rf1 Ne5
34. Ra7 Kg7 35. Rf2 Ra1+ 36. Kg2 a5 37. h3 a4 38. Ra5 Nd3 39. Rd2 Nc1 40. Ra7
Kg6 41. Rf2 f6 42. Ra6 Nd3 43. Rd2 Nc5 44. Ra5 Nb3 0-1

[Event "Titled Tue 1st Jul Late"]
[Site "chess.com INT"]
[Date "2025.07.01"]
[Round "6"]
[White "Titichoca Daza, Daniel"]
[Black "Gerbelli Neto, Eduardo"]
[Result "1-0"]
[WhiteTitle "CM"]
[WhiteElo "2126"]
[BlackElo "2114"]
[WhiteFideId "3309550"]
[BlackFideId "2103281"]
[EventDate "2025.07.01"]

1. d4 d5 2. c4 c6 3. Nf3 Nf6 4. Nc3 e6 5. Bg5 dxc4 6. a4 Bb4 7. e3 Qa5 8. Bxf6
gxf6 9. Bxc4 Bxc3+ 10. bxc3 Qxc3+ 11. Nd2 Nd7 12. O-O Qa5 13. f4 f5 14. e4 Nf6
15. e5 Nd5 16. Rf3 Bd7 17. Bf1 Nb6 18. Nb3 Qb4 19. a5 Nd5 20. Nc5 b6 21. Rb3
bxc5 22. Rxb4 cxb4 23. Qb3 Rb8 24. g3 Rg8 25. Rc1 Nxf4 26. Kf2 Nd5 27. Bg2 Ke7
28. Rc4 Rb5 29. Bxd5 cxd5 30. Rxb4 Rgb8 31. Rxb5 Rxb5 32. Qa3+ Ke8 33. Qd6 Rxa5
34. Qb8+ Ke7 35. Qb4+ 1-0

[Event "Titled Tue 1st Jul Late"]
[Site "chess.com INT"]
[Date "2025.07.01"]
[Round "6"]
[White "Garbuz, Vitaliy"]
[Black "Goryachkina, Aleksandra"]
[Result "0-1"]
[WhiteTitle "CM"]
[BlackTitle "GM"]
[WhiteElo "2219"]
[BlackElo "2533"]
[WhiteFideId "12990710"]
[BlackFideId "4147103"]
[EventDate "2025.07.01"]

1. e4 c5 2. d4 cxd4 3. c3 dxc3 4. Nxc3 Nc6 5. Nf3 e6 6. Bc4 Nge7 7. Bg5 f6 8.
Be3 Ng6 9. O-O Be7 10. Bb3 O-O 11. Rc1 Kh8 12. Nd4 Nxd4 13. Bxd4 b6 14. f4 Bc5
15. Bxc5 bxc5 16. Nb5 Ba6 17. Nd6 Bxf1 18. Qxf1 Qc7 19. Rd1 Rab8 20. f5 Ne5 21.
Qf4 Qb6 22. Kh1 c4 23. Bxc4 Qxb2 24. fxe6 dxe6 25. Bxe6 Qc2 26. Rf1 Rb1 27. h3
Rxf1+ 28. Qxf1 Qc6 29. Qd1 Rd8 0-1

[Event "Titled Tue 1st Jul Late"]
[Site "chess.com INT"]
[Date "2025.07.01"]
[Round "6"]
[White "Gonzalez Mojica, Renan Arturo"]
[Black "Hadzovic, Amir"]
[Result "0-1"]
[WhiteTitle "FM"]
[BlackTitle "FM"]
[WhiteElo "2098"]
[BlackElo "2354"]
[WhiteFideId "4482379"]
[BlackFideId "14402300"]
[EventDate "2025.07.01"]

1. d4 d6 2. c4 e5 3. Nf3 e4 4. Ng5 f5 5. g3 Be7 6. h4 Nf6 7. h5 Ng4 8. Nh3 O-O
9. Nf4 e3 10. Bxe3 Nxe3 11. fxe3 Bg5 12. Nc3 Re8 13. Qd3 c6 14. Bh3 Qe7 15. Bxf5
Na6 16. Bxh7+ Kf7 17. Bg6+ Kg8 18. Bxe8 Qxe8 19. a3 b5 20. cxb5 cxb5 21. Qe4
Qxe4 22. Nxe4 Bb7 23. Nxg5 Bxh1 24. e4 Re8 25. Nfe6 Bxe4 26. Rc1 Bf5 27. Nc7 Rc8
28. e4 Bg4 29. Nxa6 Rxc1+ 30. Kd2 Rg1 31. e5 dxe5 32. dxe5 Rg2+ 33. Kc3 Rxg3+
34. Kb4 Bxh5 35. Kc5 Rxg5 36. Kd6 Rg1 37. e6 Rd1+ 38. Ke7 g5 39. Nc5 g4 40. Kf6
g3 41. Ne4 g2 42. Ke7 g1=Q 43. Nf6+ Kh8 44. Nxh5 Qg5+ 45. Kf8 Qxh5 46. e7 Rf1# 0-1

[Event "Titled Tue 1st Jul Late"]
[Site "chess.com INT"]
[Date "2025.07.01"]
[Round "6"]
[White "Milare, Tyron"]
[Black "Paxtor Chiguichon, Rodolfo Enrique"]
[Result "1-0"]
[WhiteTitle "FM"]
[BlackTitle "CM"]
[WhiteElo "2248"]
[BlackElo "2009"]
[WhiteFideId "12987018"]
[BlackFideId "7307012"]
[EventDate "2025.07.01"]

1. d4 Nf6 2. c4 e6 3. Nf3 d5 4. g3 c6 5. Bg2 Nbd7 6. O-O Bd6 7. Re1 O-O 8. Bg5
h6 9. Bh4 g5 10. Nxg5 hxg5 11. Bxg5 Be7 12. Bh6 Re8 13. e4 Bf8 14. Bxf8 Nxf8 15.
e5 N6d7 16. Qg4+ Ng6 17. h4 Kh7 18. h5 Ngf8 19. Bf1 f5 20. exf6 Nxf6 21. Qg5 Ne4
22. Qxd8 Rxd8 23. Bd3 Kh6 24. Bxe4 dxe4 25. Rxe4 Kxh5 26. Nc3 b6 27. Kg2 Kg6 28.
Rg4+ Kf7 29. Rf4+ Ke7 30. Rh1 Bb7 31. Rh6 c5+ 32. d5 b5 33. Nxb5 exd5 34. f3 d4
35. Rg4 d3 36. Rg7+ Ke8 37. Nc7# 1-0

[Event "Titled Tue 1st Jul Late"]
[Site "chess.com INT"]
[Date "2025.07.01"]
[Round "6"]
[White "Shendrik, Zhanna"]
[Black "Alvarado, Carlos"]
[Result "1-0"]
[WhiteTitle "WCM"]
[BlackTitle "CM"]
[WhiteElo "1990"]
[BlackElo "2032"]
[WhiteFideId "24106160"]
[BlackFideId "3800555"]
[EventDate "2025.07.01"]

1. d4 d5 2. c4 e6 3. Nf3 Nf6 4. Bf4 Bb4+ 5. Bd2 Be7 6. Bf4 O-O 7. e3 Bb4+ 8.
Nbd2 c5 9. Be2 cxd4 10. exd4 dxc4 11. Bxc4 Nc6 12. Be3 b6 13. O-O Bb7 14. a3 Be7
15. b4 Rc8 16. Rc1 Nd5 17. Nb3 Nxe3 18. fxe3 Bf6 19. Qe2 Ne7 20. Ba6 Qd7 21.
Bxb7 Qxb7 22. Nbd2 Nf5 23. Nc4 Qe4 24. Nfd2 Qh4 25. Nf3 Qe4 26. Nfd2 Qb7 27. g4
Nh4 28. Nd6 Qd5 29. Rxc8 Rxc8 30. Nxc8 Bg5 31. Nf3 Nxf3+ 32. Qxf3 1-0

[Event "Titled Tue 1st Jul Late"]
[Site "chess.com INT"]
[Date "2025.07.01"]
[Round "6"]
[White "Tica, Sven"]
[Black "Hua, Lefong"]
[Result "1/2-1/2"]
[WhiteTitle "IM"]
[BlackTitle "FM"]
[WhiteElo "2442"]
[BlackElo "2305"]
[WhiteFideId "14526948"]
[BlackFideId "2602253"]
[EventDate "2025.07.01"]

1. Nf3 Nf6 2. g3 g6 3. Bg2 Bg7 4. O-O O-O 5. d4 d6 6. b3 c5 7. Bb2 Nc6 8. c4 Ne4
9. Nbd2 Bf5 10. e3 Qa5 11. Nxe4 Bxe4 12. Qe2 cxd4 13. Nxd4 Bxg2 14. Kxg2 Nxd4
15. Bxd4 Bxd4 16. exd4 e6 17. Rac1 Rac8 18. Rfd1 d5 19. c5 b6 20. Qb2 bxc5 21.
dxc5 Rxc5 22. b4 Rb5 23. a3 Qb6 24. Qe5 a5 25. h4 h5 26. g4 axb4 27. gxh5 d4 28.
Qxd4 Qb7+ 29. Kg3 Rxh5 30. Qxb4 Rb5 31. Qd4 Ra8 32. Rc3 Rd5 33. Qg4 Qb8+ 34. Kg2
Qd6 35. Rxd5 Qxd5+ 36. Qf3 Qxf3+ 37. Kxf3 Ra4 38. Kg3 Kg7 39. f4 Kf6 40. Rb3 Rc4
41. Kf3 Ra4 42. Kg3 Kf5 43. Rb5+ Kf6 44. Rb3 1/2-1/2

[Event "Titled Tue 1st Jul Late"]
[Site "chess.com INT"]
[Date "2025.07.01"]
[Round "6"]
[White "Chekletsov, Ilya"]
[Black "Bagheri, Maziar"]
[Result "1-0"]
[WhiteTitle "IM"]
[BlackTitle "FM"]
[WhiteElo "2338"]
[BlackElo "2287"]
[WhiteFideId "24177156"]
[BlackFideId "12530913"]
[EventDate "2025.07.01"]

1. d4 Nf6 2. c4 g6 3. Nc3 Bg7 4. e4 d6 5. f4 O-O 6. Nf3 c5 7. d5 e6 8. Be2 exd5
9. cxd5 Re8 10. e5 dxe5 11. fxe5 Ng4 12. e6 fxe6 13. d6 Nc6 14. O-O c4 15. Kh1
Qb6 16. Ne4 Bd7 17. Bxc4 Rac8 18. Qe2 Nge5 19. Nxe5 Nxe5 20. Bb3 Bb5 21. Qd1
Bxf1 22. Qxf1 Rf8 23. Qd1 Rcd8 24. Bg5 Ra8 25. Be7 Rf4 26. Qe2 Qc6 27. Ng5 Kh8
28. Re1 Rc8 29. h3 Qb6 30. Nxe6 Rf2 31. Qe4 Re8 32. Nxg7 Kxg7 33. Qxe5+ 1-0

[Event "Titled Tue 1st Jul Late"]
[Site "chess.com INT"]
[Date "2025.07.01"]
[Round "6"]
[White "Bukreev, Stanislav"]
[Black "Williams, Justus"]
[Result "1-0"]
[WhiteTitle "FM"]
[BlackTitle "IM"]
[WhiteElo "2305"]
[BlackElo "2355"]
[WhiteFideId "34252347"]
[BlackFideId "2049929"]
[EventDate "2025.07.01"]

1. d4 Nf6 2. c4 e6 3. Nf3 d5 4. Nc3 a6 5. cxd5 exd5 6. Bg5 Be6 7. e3 Nbd7 8. Bd3
Bd6 9. h3 c6 10. Bf4 Qc7 11. Bxd6 Qxd6 12. Qc2 O-O 13. O-O Rfc8 14. Rfc1 b6 15.
Qe2 a5 16. Rc2 Nf8 17. Rac1 Ng6 18. a3 Ne7 19. Ne5 c5 20. Nb5 Qb8 21. b3 a4 22.
bxa4 c4 23. Nxc4 dxc4 24. Bxc4 Bxc4 25. Rxc4 Rxc4 26. Rxc4 Qd8 27. e4 Rc8 28. d5
Nd7 29. Qc2 Ra8 30. d6 Nc8 31. f4 Nc5 32. e5 Na7 33. Nc7 Rc8 34. a5 Nd7 35. a6
Nc5 36. Rxc5 bxc5 37. Qxc5 Ra8 38. Qd5 Rb8 39. e6 fxe6 40. Nxe6 Qc8 41. d7 Qc1+
42. Kh2 Nc6 43. Ng5+ Kh8 44. Nf7+ Kg8 45. Nh6+ 1-0

[Event "Titled Tue 1st Jul Late"]
[Site "chess.com INT"]
[Date "2025.07.01"]
[Round "6"]
[White "Vlassov, Nikolai"]
[Black "Wang, Justin Zhide"]
[Result "0-1"]
[WhiteTitle "IM"]
[BlackTitle "CM"]
[WhiteElo "2291"]
[BlackElo "2085"]
[WhiteFideId "4103360"]
[BlackFideId "4312830"]
[EventDate "2025.07.01"]

1. e4 e5 2. Bc4 Nf6 3. d3 c6 4. Nf3 d5 5. Bb3 a5 6. Nc3 Bb4 7. a3 Bxc3+ 8. bxc3
Nbd7 9. exd5 cxd5 10. O-O O-O 11. Re1 Qc7 12. Bg5 a4 13. Ba2 Re8 14. Rb1 Qxc3
15. Qc1 h6 16. Bd2 Qc7 17. Rb5 b6 18. Bxh6 gxh6 19. Qxh6 Bb7 20. Ng5 Qd6 21. Re3
Qf8 22. Qh4 Qxa3 23. h3 Kf8 24. Bxd5 Bxd5 25. Rxd5 Ke7 26. Nh7 Rh8 27. Rexe5+
Kd8 28. Qxf6+ Kc8 29. Qc6+ Kb8 30. Qd6+ Qxd6 31. Rxd6 Nxe5 0-1

[Event "Titled Tue 1st Jul Late"]
[Site "chess.com INT"]
[Date "2025.07.01"]
[Round "6"]
[White "Unver, Cumayi"]
[Black "Sailer, Mike"]
[Result "1-0"]
[WhiteElo "2012"]
[BlackElo "2108"]
[WhiteFideId "6304940"]
[BlackFideId "2012901"]
[EventDate "2025.07.01"]

1. d4 d5 2. Nf3 Nf6 3. e3 Bf5 4. Bd3 Bxd3 5. Qxd3 c6 6. O-O e6 7. Nbd2 Bd6 8. e4
dxe4 9. Nxe4 Nxe4 10. Qxe4 Nd7 11. Bg5 Qc7 12. Rad1 h6 13. Bh4 g5 14. Bg3 O-O-O
15. Bxd6 Qxd6 16. c4 f5 17. Qe2 g4 18. Ne5 Nxe5 19. dxe5 Qc5 20. a3 Rxd1 21.
Rxd1 Rd8 22. Rxd8+ Kxd8 23. g3 Qd4 24. b4 Kc7 25. Kg2 h5 26. h4 gxh3+ 27. Kxh3
f4 28. c5 fxg3 29. fxg3 h4 30. g4 Qc3+ 31. Kxh4 Qxa3 32. Qe4 Qc1 33. g5 a5 34.
bxa5 Qxc5 35. g6 Qf2+ 36. Kg5 Qg3+ 37. Kf6 Qf2+ 38. Kxe6 1-0

[Event "Titled Tue 1st Jul Late"]
[Site "chess.com INT"]
[Date "2025.07.01"]
[Round "6"]
[White "Leenhouts, Koen"]
[Black "Amdouni, Zoubaier"]
[Result "0-1"]
[WhiteTitle "GM"]
[BlackTitle "FM"]
[WhiteElo "2476"]
[BlackElo "2186"]
[WhiteFideId "1008439"]
[BlackFideId "5500419"]
[EventDate "2025.07.01"]

1. e4 c6 2. d4 d5 3. e5 Bf5 4. Nc3 e6 5. g4 Bg6 6. Nge2 c5 7. h4 h6 8. Nf4 Bh7
9. g5 hxg5 10. hxg5 Bxc2 11. Rxh8 Bxd1 12. Rxg8 Bc2 13. Be3 cxd4 14. Bxd4 Qxg5
15. Bb5+ Nc6 16. Nce2 Kd7 17. Kf1 a6 18. Bxc6+ bxc6 19. Rh8 Rc8 20. Rh5 Qd8 21.
Rc1 Ba4 22. Ng3 Bb5+ 23. Kg2 c5 24. Be3 d4 25. Bd2 Bc6+ 26. f3 g6 27. Rh7 Ke8
28. Rch1 Qb6 29. b3 Qb7 30. Rf1 Bd5 31. Nxg6 fxg6 32. Rxb7 Bxb7 33. Kf2 c4 34.
bxc4 Rxc4 35. Rc1 Ra4 36. Rc2 Bd5 37. Rc8+ Kf7 38. Rc7+ Be7 39. Bg5 Rxa2+ 40.
Kg1 d3 41. Rxe7+ Kf8 42. Rc7 d2 43. Bh6+ Ke8 44. Bxd2 Rxd2 45. f4 Rg2+ 0-1

[Event "Titled Tue 1st Jul Late"]
[Site "chess.com INT"]
[Date "2025.07.01"]
[Round "6"]
[White "Uyanga, Byambaa"]
[Black "Beyer, Lorenz"]
[Result "0-1"]
[WhiteTitle "WFM"]
[BlackTitle "CM"]
[WhiteElo "2006"]
[BlackElo "2226"]
[WhiteFideId "2054906"]
[BlackFideId "16245393"]
[EventDate "2025.07.01"]

1. e4 e6 2. d4 d5 3. Nc3 dxe4 4. Nxe4 Nd7 5. Nf3 Ngf6 6. Nxf6+ Nxf6 7. Bc4 Be7
8. Qe2 O-O 9. Ne5 a6 10. g4 b5 11. Bd3 Bb7 12. Rg1 Qxd4 13. g5 Nd5 14. Rg4 Qc5
15. Bxh7+ Kxh7 16. Rh4+ Kg8 17. Qh5 Qb4+ 18. c3 Qxh4 19. Qxh4 b4 20. c4 Nb6 21.
Be3 Rad8 22. Qg4 Bd6 23. Nd3 Be7 24. Ke2 a5 25. g6 fxg6 26. Qxe6+ Rf7 27. Rg1
Bf3+ 28. Kd2 Rd6 29. Qe5 Nxc4+ 30. Kc2 Nxe5 31. Nxe5 Be4+ 32. Kb3 Bf6 33. Nxf7
Kxf7 34. Bc5 Rd3+ 35. Kc4 Rd2 36. b3 c6 37. Bb6 Rc2# 0-1

[Event "Titled Tue 1st Jul Late"]
[Site "chess.com INT"]
[Date "2025.07.01"]
[Round "6"]
[White "Assaad, Joe"]
[Black "Hernandez Bermudez, Ulises Eduardo"]
[Result "0-1"]
[WhiteTitle "CM"]
[WhiteElo "2170"]
[BlackElo "2042"]
[WhiteFideId "5310504"]
[BlackFideId "3902510"]
[EventDate "2025.07.01"]

1. e4 e5 2. Nf3 Nf6 3. Nxe5 d6 4. Nf3 Nxe4 5. Nc3 Nxc3 6. dxc3 Be7 7. Bf4 Nd7 8.
Qd2 Nf6 9. O-O-O O-O 10. Bd3 Be6 11. Kb1 c6 12. h3 Qa5 13. b3 Nd5 14. Kb2 Bf6
15. Nd4 c5 16. Ne2 b5 17. Bg5 Bxg5 18. Qxg5 b4 19. c4 Nc3 20. Nxc3 bxc3+ 21. Kb1
Rab8 22. Rhe1 Qb4 23. Re4 h6 24. Qe3 Qa3 25. Qc1 Qa5 26. Rh4 Rb6 27. Ka1 Ra6 28.
a4 Qxa4+ 0-1

[Event "Titled Tue 1st Jul Late"]
[Site "chess.com INT"]
[Date "2025.07.01"]
[Round "6"]
[White "Simonovic, Miroslav"]
[Black "Ciocan, Maria-Alexandra"]
[Result "1-0"]
[WhiteTitle "CM"]
[WhiteElo "2092"]
[BlackElo "1998"]
[WhiteFideId "919152"]
[BlackFideId "1227130"]
[EventDate "2025.07.01"]

1. d4 Nf6 2. Bg5 Ne4 3. h4 h6 4. Bf4 c5 5. dxc5 Qa5+ 6. Nd2 Nxd2 7. Qxd2 Qxc5 8.
e4 Nc6 9. Nf3 d6 10. Be3 Qb4 11. Qxb4 Nxb4 12. Bb5+ Bd7 13. Bxd7+ Kxd7 14. Kd2
Rc8 15. c3 Nc6 16. Rhd1 g6 17. Ke2 Kc7 18. Rd2 Bg7 19. Rad1 b6 20. Nd4 Na5 21.
b3 Kb7 22. c4 Rhf8 23. g4 Rfe8 24. Nf3 Nc6 25. Bf4 Rh8 26. Bg3 h5 27. g5 Rhd8
28. e5 dxe5 29. Rxd8 Rxd8 30. Rxd8 Nxd8 31. Bxe5 Bxe5 32. Nxe5 Kc7 33. Kd3 Kd6
34. Ke4 Ke6 35. f4 Nb7 36. Nc6 Nc5+ 37. Kf3 a6 38. b4 Nd3 39. a3 Nb2 40. b5 axb5
41. cxb5 Nc4 42. a4 Nb2 43. a5 bxa5 44. b6 1-0

[Event "Titled Tue 1st Jul Late"]
[Site "chess.com INT"]
[Date "2025.07.01"]
[Round "6"]
[White "Yazici, Ugur Doga"]
[Black "Kharitonov, Sergei"]
[Result "1-0"]
[WhiteTitle "CM"]
[BlackTitle "CM"]
[WhiteElo "2161"]
[BlackElo "2014"]
[WhiteFideId "6363342"]
[BlackFideId "4129750"]
[EventDate "2025.07.01"]

1. e4 c5 2. Nf3 d6 3. Nc3 a6 4. g3 b5 5. Bg2 Bb7 6. O-O Nd7 7. d4 cxd4 8. Nxd4
Ngf6 9. Re1 g6 10. e5 Bxg2 11. exf6 Bb7 12. fxe7 Bxe7 13. Bg5 f6 14. Ne6 Qb8 15.
Nd5 Ne5 16. Rxe5 dxe5 17. Nxf6+ Kf7 18. Nd7 Qd6 19. Qxd6 Bxd6 20. Nec5 Bf3 21.
Re1 Rhe8 22. b4 a5 23. Nb6 Ra7 24. a3 axb4 25. axb4 Ra2 26. c3 e4 27. h4 h5 28.
Nd5 Be5 29. Nd7 1-0

[Event "Titled Tue 1st Jul Late"]
[Site "chess.com INT"]
[Date "2025.07.01"]
[Round "6"]
[White "Tan, Zhongyi"]
[Black "Tikhonov, Viacheslav"]
[Result "0-1"]
[WhiteTitle "GM"]
[BlackTitle "CM"]
[WhiteElo "2546"]
[BlackElo "2183"]
[WhiteFideId "8603642"]
[BlackFideId "44196407"]
[EventDate "2025.07.01"]

1. e4 c5 2. Nf3 Nc6 3. Bb5 Nd4 4. Nxd4 cxd4 5. O-O a6 6. Ba4 e6 7. d3 b5 8. Bb3
Bc5 9. Nd2 Ne7 10. f4 O-O 11. Nf3 f5 12. Kh1 Bb7 13. Qe2 Rf6 14. Bd2 Qc7 15.
Rae1 Re8 16. Nh4 Kh8 17. Rf3 Rh6 18. Rh3 Rf8 19. a4 Bd6 20. axb5 axb5 21. Rf1
fxe4 22. dxe4 Bxf4 23. e5 g5 24. Bxf4 gxf4 25. Qf2 Rg8 26. Qxf4 Nf5 27. Rf2 Qa5
28. Nxf5 Rxh3 0-1